000 00878nam a2200253Ia 4500
003 OSt
005 20220923211111.0
006 a|||||r|||| 00| 0
007 ta
008 220922b |||||||| |||| 00| 0 hin d
020 _a8181431103 (hbk)
_c191.25
024 _a246,056
037 _b369, 17/02/2011, Vani Prakashan
_cTextual
040 _aARTS
_cARTS
_bhin
041 _2hin
_ahin
082 _aO152,3NNA, P4
100 _aनैमिशराय, मोहनदास
_9158244
245 0 _aआज बाज़ार बन्द है
246 _aĀj bāज़ār banda hai
260 _aनयी दिल्ली
_b वाणी प्रकाशन
_c2004
300 _a150पृ.
_ccm.
942 _hO152,3NNA, P4
_cTEXL
_2CC
999 _c295249
_d295249